00266nam a2200097Ia 45000010005000000080041000050820019000461000062000652450023001272600018001503806241024s9999 xx 000 0 und d a338.9/J6i/2013 aJICA (Agencia de cooperación internacional del Japón) 0aInforme anual 2013 bJapónc2013